[Event "GER-chT U20"]
[Site "Magdeburg"]
[Date "2023.12.29"]
[Round "6.7"]
[White "Martsfeld, Jonas"]
[Black "Mark, Erwin Nikolaus"]
[Result "1-0"]
[WhiteElo "1421"]
[BlackElo "1304"]
[PlyCount "35"]
[EventDate "2023.12.26"]
[EventType "team-swiss"]
[EventRounds "7"]
[EventCountry "GER"]
[SourceTitle "CB03_2024"]
[SourceDate "2024.01.17"]
[SourceVersion "1"]
[SourceVersionDate "2024.01.17"]
[SourceQuality "1"]
[WhiteTeam "Biberach"]
[BlackTeam "Essen Katernberg"]
[WhiteTeamCountry "GER"]
[BlackTeamCountry "GER"]

1. e4 e6 2. Nf3 d5 3. Nc3 c5 4. Bb5+ Bd7 5. Bxd7+ Qxd7 6. exd5 exd5 7. 0-0 d4 8. Re1+ Be7 9. Ne5 Qd8 10. Qf3 Nf6 11. Qxb7 Nbd7 12. Nc6 Qc8 13. Qxc8+ Rxc8 14. Nxe7 Rb8 15. Ng6+ Kd8 16. Nxh8 dxc3 17. Nxf7+ Kc7 18. dxc3 1-0

[Event "GER-chT U16"]
[Site "Willingen"]
[Date "2021.06.26"]
[Round "6.9"]
[White "Nakhle, Fabrice"]
[Black "Martsfeld, Jonas"]
[Result "0-1"]
[WhiteElo "1254"]
[BlackElo "1381"]
[PlyCount "42"]
[EventDate "2021.06.23"]
[EventType "team-swiss"]
[EventRounds "7"]
[EventCountry "GER"]
[SourceTitle "CBM 203 Extra"]
[Source "ChessBase"]
[SourceDate "2021.09.30"]
[SourceVersion "1"]
[SourceVersionDate "2021.09.30"]
[SourceQuality "1"]
[WhiteTeam "Erfurt SK"]
[BlackTeam "Biberach"]
[WhiteTeamCountry "GER"]
[BlackTeamCountry "GER"]

1. e4 e5 2. Nf3 Nc6 3. Bb5 a6 4. Bxc6 dxc6 5. 0-0 Bd6 6. Re1 Ne7 7. c3 0-0 8. d4 Ng6 9. Nbd2 Be6 10. Qe2 Qf6 11. Nf1 h6 12. N1d2 Nf4 13. Qf1 b5 14. c4 g5 15. Nb3 Bxc4 16. dxe5 Bxe5 17. Qxc4 bxc4 18. Nxe5 Qxe5 19. Nd2 Nd3 20. Nf3 Qb5 21. Nd4 Qb6 0-1

[Event "GER-chT U16"]
[Site "Willingen"]
[Date "2021.06.24"]
[Round "1.7"]
[White "Martsfeld, Jonas"]
[Black "Zeuner, Ole"]
[Result "0-1"]
[WhiteElo "1381"]
[BlackElo "1770"]
[PlyCount "80"]
[EventDate "2021.06.23"]
[EventType "team-swiss"]
[EventRounds "7"]
[EventCountry "GER"]
[SourceTitle "CBM 203 Extra"]
[Source "ChessBase"]
[SourceDate "2021.09.30"]
[SourceVersion "1"]
[SourceVersionDate "2021.09.30"]
[SourceQuality "1"]
[WhiteTeam "Biberach"]
[BlackTeam "Magdeburg Schachzwerge"]
[WhiteTeamCountry "GER"]
[BlackTeamCountry "GER"]

1. e4 e5 2. f4 d5 3. exd5 exf4 4. Bb5+ Bd7 5. Qe2+ Qe7 6. Nc3 Nf6 7. d6 Qxe2+ 8. Ngxe2 Bxd6 9. d3 Nc6 10. Bxf4 Bxf4 11. Nxf4 0-0-0 12. 0-0-0 Rde8 13. Rde1 Nd4 14. Bc4 Rhf8 15. Rxe8+ Bxe8 16. Re1 b5 17. Bd5 Nxd5 18. Ncxd5 c6 19. Ne7+ Kd8 20. Re4 Ne6 21. Nf5 Nxf4 22. Rxf4 g5 23. Re4 Bd7 24. g4 Bxf5 25. gxf5 Re8 26. Kd2 Rxe4 27. dxe4 f6 28. Ke3 Ke7 29. Kd4 Kd6 30. b4 h5 31. c4 bxc4 32. Kxc4 g4 33. Kd4 h4 34. Ke3 Ke5 35. a4 a6 36. a5 h3 37. Kf2 Kxe4 38. Kg3 Kxf5 39. Kh4 Kf4 40. Kh5 g3 0-1

[Event "GER-chT U10"]
[Site "Magdeburg"]
[Date "2015.12.29"]
[Round "6.1"]
[White "Schmidt, Dirk"]
[Black "Martsfeld, Jonas"]
[Result "1-0"]
[WhiteElo "973"]
[BlackElo "954"]
[PlyCount "67"]
[EventDate "2015.12.27"]
[EventType "team-swiss"]
[EventRounds "7"]
[EventCountry "GER"]
[SourceTitle "EXT 2017"]
[Source "ChessBase"]
[SourceDate "2016.10.25"]
[SourceVersion "1"]
[SourceVersionDate "2016.10.25"]
[SourceQuality "1"]
[WhiteTeam "Erfurt Empor II"]
[BlackTeam "Biberach"]
[WhiteTeamCountry "GER"]
[BlackTeamCountry "GER"]

1. e4 e5 2. Nf3 Nc6 3. Bc4 Bc5 4. b4 Bb6 5. c3 Nf6 6. Bd5 d6 7. d4 a6 8. Bg5 h6 9. Bxf6 Qxf6 10. 0-0 exd4 11. Bxc6+ bxc6 12. cxd4 Bg4 13. Re1 Bxf3 14. e5 dxe5 15. dxe5 Qf4 16. Qxf3 Qxf3 17. gxf3 Bd4 18. Nd2 Bxa1 19. Rxa1 0-0 20. Rc1 Rad8 21. Nb3 f6 22. f4 fxe5 23. fxe5 Rf5 24. e6 Re5 25. Rxc6 Rd1+ 26. Kg2 Rg5+ 27. Kf3 Re5 28. Nc5 Kf8 29. Rxa6 Rd6 30. Ra7 Rc6 31. Nd7+ Ke7 32. Nxe5 Kxe6 33. Nxc6 Kd6 34. Nd4 1-0